000 00478nam a2200157Ia 4500
005 20250428145804.0
008 231217s9999 xx 000 0 und d
020 _a9780749438951
082 _a658.812 WOO;1 R
100 _aWoodcock, Neil. Stone, Merlin. Foss, Bryan.
245 0 _aCustomer management scorecard : managing CRM for profit
260 _c2003
_bKogan Page
_aLondon
300 _axviii+428
650 _aCustomer,management,scorecard,CRM,profit
942 _cAA
999 _c182075
_d182075